000 00278nam a2200133Ia 4500
008 090124s9999 xx 000 0 und d
082 _b11344
_a2678
245 _a कणव
250 _a1
300 _a421
630 _a कणव
730 _a कणव
942 _cBOOK
999 _c122836
_d122836